Theories of grammar (Record no. 35250)
[ view plain ]
| 000 -LEADER | |
|---|---|
| fixed length control field | 006200000a22002890004500 |
| 082 ## - DEWEY DECIMAL CLASSIFICATION NUMBER | |
| Classification number | 425 |
| Item number | Y1t |
| 020 ## - INTERNATIONAL STANDARD BOOK NUMBER | |
| International Standard Book Number | 99933-693-2-2 |
| 041 ## - LANGUAGE CODE | |
| Language code of text/sound track or separate title | Eng |
| 015 ## - NATIONAL BIBLIOGRAPHY NUMBER | |
| National bibliography number | NNB |
| 100 ## - MAIN ENTRY--PERSONAL NAME | |
| Personal name | Yadava, Yogendra P. |
| 245 ## - TITLE STATEMENT | |
| Title | Theories of grammar |
| 250 ## - EDITION STATEMENT | |
| Edition statement | 2nd ed. |
| 260 ## - PUBLICATION, DISTRIBUTION, ETC. (IMPRINT) | |
| Place of publication, distribution, etc | Kathmandu |
| Name of publisher, distributor, etc | Students Books Pub., Nepal |
| 260 ## - PUBLICATION, DISTRIBUTION, ETC. (IMPRINT) | |
| Date of publication, distribution, etc | 2007 |
| 300 ## - PHYSICAL DESCRIPTION | |
| Extent | viii, 290p. |
| 518 ## - DATE/TIME AND PLACE OF AN EVENT NOTE | |
| Date/time and place of an event note | 20051212 |
| 530 ## - ADDITIONAL PHYSICAL FORM AVAILABLE NOTE | |
| Additional physical form available note | M |
| 500 ## - GENERAL NOTE | |
| General note | Bibliography: p.283-285 |
| 538 ## - SYSTEM DETAILS NOTE | |
| System details note | T |
| 650 ## - SUBJECT ADDED ENTRY--TOPICAL TERM | |
| Topical term or geographic name as entry element | English language |
| 650 ## - SUBJECT ADDED ENTRY--TOPICAL TERM | |
| Topical term or geographic name as entry element | Grammar |
| 650 ## - SUBJECT ADDED ENTRY--TOPICAL TERM | |
| Topical term or geographic name as entry element | Syntax |
| 650 ## - SUBJECT ADDED ENTRY--TOPICAL TERM | |
| Topical term or geographic name as entry element | History |
| 650 ## - SUBJECT ADDED ENTRY--TOPICAL TERM | |
| Topical term or geographic name as entry element | Phrase |
| 650 ## - SUBJECT ADDED ENTRY--TOPICAL TERM | |
| Topical term or geographic name as entry element | Theory |
| 942 ## - ADDED ENTRY ELEMENTS (KOHA) | |
| Koha item type | General Collections |
| Withdrawn status | Lost status | Damaged status | Not for loan | Home library | Current library | Date acquired | Total Checkouts | Barcode | Date last seen | Price effective from | Source of classification or shelving scheme | Shelving location | Total Renewals | Full call number | Date checked out | Koha item type |
|---|---|---|---|---|---|---|---|---|---|---|---|---|---|---|---|---|
| Tribhuvan University Central Library | Tribhuvan University Central Library | 06/20/2010 | 133389T | 06/20/2010 | 06/20/2010 | |||||||||||
| Tribhuvan University Central Library | Tribhuvan University Central Library | 06/20/2010 | 11 | 133390 | 01/19/2018 | 06/20/2010 | Dewey Decimal Classification | New Building | 4 | 425 Y1t | 12/14/2017 | General Collections | ||||
| Tribhuvan University Central Library | Tribhuvan University Central Library | 06/20/2010 | 12 | 133391 | 06/24/2019 | 06/20/2010 | Dewey Decimal Classification | New Building | 9 | 425 Y1t | 05/30/2019 | General Collections | ||||
| Tribhuvan University Central Library | Tribhuvan University Central Library | 02/02/2011 | 5 | 131821 | 08/28/2017 | 02/02/2011 | Dewey Decimal Classification | New Building | 4 | 425 Y1t | 07/19/2017 | General Collections | ||||
| Tribhuvan University Central Library | Tribhuvan University Central Library | 02/07/2011 | 131820 | 02/07/2011 | 02/07/2011 | Dewey Decimal Classification | New Building | 425 Y1t | General Collections | |||||||
| Tribhuvan University Central Library | Tribhuvan University Central Library | 07/31/2011 | 4 | 142230 | 04/23/2018 | 07/31/2011 | Dewey Decimal Classification | New Building | 4 | 425 Y1t | 04/12/2018 | General Collections | ||||
| Tribhuvan University Central Library | Tribhuvan University Central Library | 07/31/2011 | 12 | 142231 | 06/26/2019 | 07/31/2011 | Dewey Decimal Classification | New Building | 9 | 425 Y1t | 05/30/2019 | General Collections | ||||
| Tribhuvan University Central Library | Tribhuvan University Central Library | 06/04/2025 | IS3064 | 06/04/2025 | 06/04/2025 | Dewey Decimal Classification | 425 Y1t | ISBN |
